Statistics for Reptiles by Picture

Click here to take the quiz!

General Stats

  • This quiz has been taken 398 times
    (155 since last reset)
  • The average score is 12 of 16

Answer Stats

Answer% Correct
Chameleon
93%
Gecko
89%
Marine Iguana
89%
Spectacled Cobra
89%
Green Sea Turtle
84%
Caiman
82%
Komodo Dragon
82%
Rattlesnake
79%
Galapagos Tortoise
77%
Saltwater Crocodile
75%
Alligator
73%
Black Mamba
72%
Skink
66%
Water Monitor
61%
Milk Snake
39%
Tuatara
25%

Score Distribution

Percentile by Number Answered

Percent of People with Each Score

Your Score History

You have not taken this quiz since the last reset